Việt Nam sử lược

Sách giới thiệu lịch sử Việt Nam qua các thời đại từ thượng cổ đến thời cận đại.

محفوظ في:
التفاصيل البيبلوغرافية
المؤلف الرئيسي: Trần, Trọng Kim
التنسيق: كتاب
اللغة:Undetermined
منشور في: Hà Nội Văn hóa Thông tin 1999
الموضوعات:
الوسوم: إضافة وسم
لا توجد وسوم, كن أول من يضع وسما على هذه التسجيلة!
Thư viện lưu trữ: Trung tâm Học liệu Trường Đại học Cần Thơ
LEADER 00694nam a2200217Ia 4500
001 CTU_42483
008 210402s9999 xx 000 0 und d
020 |b 60.000đ 
082 |a 959.7 
082 |b K310/1999 
100 |a Trần, Trọng Kim 
245 0 |a Việt Nam sử lược 
245 0 |c Trần Trọng Kim 
260 |a Hà Nội 
260 |b Văn hóa Thông tin 
260 |c 1999 
520 |a Sách giới thiệu lịch sử Việt Nam qua các thời đại từ thượng cổ đến thời cận đại. 
650 |a Vietnam 
650 |x History 
904 |i Minh 
980 |a Trung tâm Học liệu Trường Đại học Cần Thơ